000 00326nam a2200133Ia 4500
005 20251222152634.0
008 251222s9999||||xx |||||||||||||| ||spa||
020 _a8479146753
082 _a271/V27
100 _aValverde, Carlos
245 0 _aGénesis Estructura y Crisis de la Modernidad
264 _bB.A.C
942 _cLIB
999 _c27846
_d27846